000 00722nam a22002537a 4500
999 _c3963
_d3963
001 1441040
003 GZU
005 20210316112222.0
008 850419s1983 rh 000 0 eng
010 _a 84981044
020 _a0869253646
040 _aDLC
_cDLC
_dDLC
050 0 0 _aPR9344 NYA 1995
100 1 _aNyamfukudza, S.,
_d1951-
_eauthor
245 1 0 _aAftermaths /
_cS. Nyamfukudza.
260 _aHarare, Zimbabwe :
_bCollege Press,
_c1995.
300 _a78 p. ;
_c21 cm.
440 0 _aModern writers of Zimbabwe
500 _aModern writers of Zimbabwe
650 _2Short Stories---- English
651 _2Zimbabwe
906 _a7
_bcbc
_corignew
_du
_encip
_f19
_gy-gencatlg
942 _2lcc
_cBK
_h9344
_iNYA
_kPR